000 00856nam a2200253Ia 4500
003 OSt
005 20220930094336.0
006 a|||||r|||| 00| 0
007 ta
008 220926b |||||||| |||| 00| 0 eng d
024 _a71514
037 _cTheses
040 _aCRL
_cCRL
_beng
041 _2eng
_aeng
100 _aAnsari Shagufta Naaz Au.
_9555235
110 _aUniversity of Delhi. faculty of Science. Department of Anthropology
_9144926
245 0 _aPsycho social correlates of common mental disorder
_b A study among ramgarhia sikh community of delhi
260 _c2021
300 _a233p.
_ap.
_ccm.
700 _a Chandel Shivani Gu.
_9555236
700 _aUniversity of Delhi. faculty of Science. Department of Anthropology
_9144928
942 _cDIS
_2CC
999 _c886965
_d886965